Ile de france #2 - Statistiques

Statistiques générales
  • Ce quiz a été pris 24 fois
  • Le résultat moyen est 9 sur 18
Statistiques - réponses
Question Réponse % Correct
Combien y a-t-il de gare à Cergy ? 3
70%
Le quartier d'affaire de la Défense s'étend sur les communes de : Puteaux, Nanterre et Courbevoie
70%
Complétez le nom de la gare du RER E: "... - Pontault-Combault" Emerainville
65%
Quelle est la station de métro entre Gambetta et Saint-Fargeau ? Pelleport
65%
Combien de stations la ligne 8 a-t-elle ? 38
61%
Quelle est la station de métro à l'intersection entre les 10e, 11e, 19e et 20e arrondissements ? Belleville
61%
Quelle est la commune la plus étendue de la région ? Fontainebleau
61%
Combien de communes les Hauts-de-Seine comptent-ils ? 36
57%
Affluent de la rive gauche de la Seine dans l'Essonne : L'Orge
57%
La Roche-Guyon est situé dans le Val d'Oise. Vrai
52%
Gournay-sur-Marne est située : Dans le 93
48%
Quel est le bon ordre ? Le Raincy - Villemomble - Montfermeil
48%
Qui sont les gentilés de Vitry-sur-Seine ? Les vitriots
43%
Sur quelle commune est située la gare de Chaville - Vélizy ? Viroflay
43%
Quel est l'arrondissement parisien le plus petit en superficie ? Le 2e
39%
Parmi ces communes, laquelle est la plus dense en habitants ? Vincennes
30%
Quel est le département de la grande couronne le plus peuplé ? Les Yvelines
22%
Laquelle de ces stations de tramway existe ? Beethoven - Concorde
17%
Aucun quiz correspondant
Distribution des résultats
% des personnes avec chaque résultat
Percentile par nombre de réponses
Votre historique - résultats
Vous n’avez pas pris ce quiz